000 01231nji a22002777a 4500
005 20100906140352.0
006 a|||||r|||||00| 0
007 sd ammalaaahaa
008 100830t xxu||||| |||| 00| 0 eng d
028 _aN 53287
_bHis Master's Voice
035 _aGR-773
040 _aSED
_cSED
100 _917455
_aMohd. Rafi
245 _aMaa baap /
_cby Mohd. Rafi ; music by Chitragupta ; lyrics by Rajender Krishen
_h[sound recording] :
246 _aमाँ -बाप / मोहमद रफ़ी द्वारा
260 _aDum Dum, India
_bHis Master's Voice
300 _a1 sound disc [Gramophone Recording]:
_banalog, 33 1/3 rpm
_c9.5 in. (MP)
_fGramophone Record
500 _aBrief Record
505 _aSide-1 लेलो-लेलो दुआएं माँ बाप की (Lelo-lelo duaayein maa baap ki) (Mohd. Rafi) --Side-2 ये दुनिया एक मेला है (Ye duniya ek mela hai) (Geeta Dutt and Usha Mangeshkar)
650 _aClassical music
_zIndia
_91186
_xExcerpts
700 _917416
_aChitragupta
700 _917456
_aKrishen, Rajender
700 _918531
942 _2ddc
_cGR
999 _c43999
_d43999